|
|
|
|
| LEADER |
00000cas a2200000 c 4500 |
| 001 |
129633461 |
| 003 |
DE-627 |
| 005 |
20260207123928.0 |
| 007 |
tu |
| 008 |
931115c19509999gw z| m| 0 |0ger c |
| 015 |
|
|
|a 07,A39,0693
|2 dnb
|
| 016 |
7 |
|
|a 01150806X
|2 DE-101
|
| 016 |
7 |
|
|a 251391-2
|2 DE-600
|
| 022 |
|
|
|a 0405-1327
|
| 035 |
|
|
|a (DE-627)129633461
|
| 035 |
|
|
|a (DE-576)008087938
|
| 035 |
|
|
|a (DE-599)ZDB251391-2
|
| 035 |
|
|
|a (OCoLC)637602913
|
| 040 |
|
|
|a DE-627
|b ger
|c DE-627
|e rakwb
|
| 041 |
|
|
|a ger
|
| 044 |
|
|
|c XA-DE
|c XA-DE-BY
|c XA-DE-BE
|
| 082 |
0 |
4 |
|a 340
|q DE-101
|
| 082 |
0 |
4 |
|a 340
|q DE-600
|
| 084 |
|
|
|a 2
|2 ssgn
|
| 084 |
|
|
|a 86.74
|2 bkl
|
| 084 |
|
|
|a 86.10
|2 bkl
|
| 245 |
0 |
0 |
|a Beck'sche Kommentare zum Arbeitsrecht
|
| 246 |
3 |
3 |
|a Kommentare zum Arbeitsrecht
|
| 264 |
3 |
1 |
|a München
|b Beck
|c 1950-
|
| 264 |
2 |
1 |
|a München
|a Berlin
|b Beck
|c anfangs
|
| 336 |
|
|
|a Text
|b txt
|2 rdacontent
|
| 337 |
|
|
|a ohne Hilfsmittel zu benutzen
|b n
|2 rdamedia
|
| 338 |
|
|
|a Band
|b nc
|2 rdacarrier
|
| 362 |
0 |
|
|a 1.1950 -
|
| 363 |
0 |
1 |
|a 1
|i 1950
|
| 515 |
|
|
|a Ersch. unregelmäßig; 32.2007 fälschlich als Bd. 23 bez.
|
| 591 |
|
|
|a 030186
|
| 610 |
2 |
0 |
|a Deutschland
|
| 655 |
|
7 |
|a Monografische Reihe
|0 (DE-588)4179998-7
|0 (DE-627)104628669
|0 (DE-576)209995106
|2 gnd-content
|
| 689 |
0 |
0 |
|d s
|0 (DE-588)4069375-2
|0 (DE-627)104616695
|0 (DE-576)209176601
|a Betriebliche Altersversorgung
|2 gnd
|
| 689 |
0 |
1 |
|d s
|0 (DE-588)4136710-8
|0 (DE-627)104500719
|0 (DE-576)209671467
|a Kommentar
|2 gnd
|
| 689 |
0 |
|
|5 DE-101
|
| 689 |
1 |
0 |
|d u
|0 (DE-588)4133170-9
|0 (DE-627)105682071
|0 (DE-576)209641665
|a Deutschland
|t Betriebsrentengesetz
|2 gnd
|
| 689 |
1 |
|
|5 DE-101
|
| 689 |
2 |
0 |
|d u
|0 (DE-588)4133170-9
|0 (DE-627)105682071
|0 (DE-576)209641665
|a Deutschland
|t Betriebsrentengesetz
|2 gnd
|
| 689 |
2 |
1 |
|d s
|0 (DE-588)4136710-8
|0 (DE-627)104500719
|0 (DE-576)209671467
|a Kommentar
|2 gnd
|
| 689 |
2 |
|
|5 DE-101
|
| 689 |
3 |
0 |
|d s
|0 (DE-588)4002769-7
|0 (DE-627)106392085
|0 (DE-576)208848622
|a Arbeitsrecht
|2 gnd
|
| 689 |
3 |
|
|5 (DE-627)
|
| 689 |
4 |
0 |
|d s
|0 (DE-588)4113307-9
|0 (DE-627)105830372
|0 (DE-576)209475404
|a Dienstvertrag
|2 gnd
|
| 689 |
4 |
1 |
|d s
|0 (DE-588)4063270-2
|0 (DE-627)104359927
|0 (DE-576)209148004
|a Vertrag
|2 gnd
|
| 689 |
4 |
2 |
|d s
|0 (DE-588)4048795-7
|0 (DE-627)106189514
|0 (DE-576)209079282
|a Rechtsgeschäft
|2 gnd
|
| 689 |
4 |
3 |
|d s
|0 (DE-588)4053469-8
|0 (DE-627)106167014
|0 (DE-576)209103973
|a Schuldrecht
|2 gnd
|
| 689 |
4 |
4 |
|d s
|0 (DE-588)4047304-1
|0 (DE-627)10619495X
|0 (DE-576)209073144
|a Privatrecht
|2 gnd
|
| 689 |
4 |
5 |
|d s
|0 (DE-588)4048737-4
|0 (DE-627)106189719
|0 (DE-576)20907907X
|a Recht
|2 gnd
|
| 689 |
4 |
6 |
|d g
|0 (DE-588)4070370-8
|0 (DE-627)104529369
|0 (DE-576)209180447
|a Deutsches Sprachgebiet
|2 gnd
|
| 689 |
4 |
|
|5 (DE-627)
|
| 889 |
|
|
|w (DE-603)004003349
|
| 935 |
|
|
|i sdedup20220803
|
| 936 |
b |
k |
|a 86.74
|j Arbeitsrecht: Allgemeines
|0 (DE-627)106422421
|
| 936 |
b |
k |
|a 86.10
|j Recht einzelner Länder, Gebiete und Völker
|q ARK
|0 (DE-627)106422499
|
| 936 |
s |
n |
|a p100
|2 mzub
|
| 951 |
|
|
|a ST
|
| ELC |
|
|
|b 1
|
| LOK |
|
|
|0 000 xxxxxcx a22 zn 4500
|
| LOK |
|
|
|0 001 2479651835
|
| LOK |
|
|
|0 003 DE-627
|
| LOK |
|
|
|0 004 129633461
|
| LOK |
|
|
|0 005 20010426000000
|
| LOK |
|
|
|0 008 870603||||||||||||||||ger|||||||
|
| LOK |
|
|
|0 040
|a DE-21
|c DE-627
|d DE-21
|
| LOK |
|
|
|0 852
|a DE-21
|
| LOK |
|
|
|0 852 1
|9 00
|
| LOK |
|
|
|0 866
|x NAK
|
| LOK |
|
|
|0 939
|a 03-06-87
|b l01
|
| LOK |
|
|
|0 000 xxxxxcx a22 zn 4500
|
| LOK |
|
|
|0 001 2479651843
|
| LOK |
|
|
|0 003 DE-627
|
| LOK |
|
|
|0 004 129633461
|
| LOK |
|
|
|0 005 20010501000000
|
| LOK |
|
|
|0 008 980302||||||||||||||||ger|||||||
|
| LOK |
|
|
|0 040
|a DE-21-24
|c DE-627
|d DE-21-24
|
| LOK |
|
|
|0 852
|a DE-21-24
|
| LOK |
|
|
|0 852 1
|m p
|9 00
|
| LOK |
|
|
|0 938
|k p
|
| LOK |
|
|
|0 939
|a 02-03-98
|b l01
|
| LOK |
|
|
|0 000 xxxxxcx a22 zn 4500
|
| LOK |
|
|
|0 001 2479651851
|
| LOK |
|
|
|0 003 DE-627
|
| LOK |
|
|
|0 004 129633461
|
| LOK |
|
|
|0 005 20010501000000
|
| LOK |
|
|
|0 008 990126||||||||||||||||ger|||||||
|
| LOK |
|
|
|0 040
|a DE-21-19
|c DE-627
|d DE-21-19
|
| LOK |
|
|
|0 852
|a DE-21-19
|
| LOK |
|
|
|0 852 1
|m p
|9 00
|
| LOK |
|
|
|0 935
|a ALAS
|a k019
|
| LOK |
|
|
|0 938
|k p
|
| LOK |
|
|
|0 939
|a 26-01-99
|b l01
|
| LOK |
|
|
|0 000 xxxxxcx a22 zn 4500
|
| LOK |
|
|
|0 001 2479652343
|
| LOK |
|
|
|0 003 DE-627
|
| LOK |
|
|
|0 004 129633461
|
| LOK |
|
|
|0 005 19940614000000
|
| LOK |
|
|
|0 008 940614||||||||||||||||ger|||||||
|
| LOK |
|
|
|0 040
|a DE-Frei85
|c DE-627
|d DE-Frei85
|
| LOK |
|
|
|0 852
|a DE-Frei85
|
| LOK |
|
|
|0 852 1
|m p
|9 00
|
| LOK |
|
|
|0 938
|k p
|
| LOK |
|
|
|0 939
|a 14-06-94
|b l01
|
| ORI |
|
|
|a SA-MARC-krimdokb001.raw
|
| SPR |
|
|
|a 1
|t KRI
|